000 00513nam a2200181Ia 4500
001 20549
005 20260306172814.0
008 260306t2017||||xx |||||||||||||| ||spa||
041 _aESP
082 _a343.4
_bE386A
100 _aEto Cruz, Gerardo
_eAUT
245 0 _aEl amparo, ámbito de protección de los derechos fundamentales:
_banálisis sistemático de la jurisprudencia del TC
260 _c2017
300 _a686 páginas :
_c25 cm.
650 _aGEN
654 _aCDE
942 _cLIB
_dJUS
_fJUS
_2ddc
_n
999 _c20549
_d20549